• 首页
  • 本馆介绍
  • 公告通知
  • 最新文献
  • 馆藏检索
  • 电子资源
  • 读者导购
  • 参考咨询
  • 我的图书馆
  • 登录
  • 详细信息显示
  • 放入我的书架
  • 预约/预借图书
  • 作者相关作品
  • 分类相关作品
  • 丛书相关作品
  • 出版社相关作品

书目信息

  • 表格格式
  • 工作单格式
  • 卡片格式
题名:
开放经济下中国分配差距变化及对经济增长影响
    
 
作者: 钱敏泽 著
分册:  
出版信息: 北京   经济科学出版社  2006
页数: 217页
开本: 21cm
丛书名:
单 册:
中图分类: F124.7
科图分类:
主题词: 中国经济--国民收入分配--研究 , 国民收入分配--经济影响--中国经济--经济增长
电子资源:
ISBN: 7-5058-5476-3
000 01223nam0 2200289 450
001 012004049610
005 20070807144826.53
009 012004049610
010    @a7-5058-5476-3@dCNY16.00
035    @a(110120)012006071339
100    @a20060630d2006 em y0chiy0110 ea
101 0  @achi
102    @aCN@b110000
105    @ay z 000yy
106    @ar
200 1  @a开放经济下中国分配差距变化及对经济增长影响@Akai fang jing ji xia zhong guo fen pei cha ju bian hua ji dui jing ji zeng zhang ying xiang@f钱敏泽著@Fqian min ze zhu
210    @a北京@c经济科学出版社@d2006
215    @a217页@d21cm
312    @a封面英文题名:The inequality of China's distribution under an open economy and it's influence on growth
330    @a本书涉及四个方面:第一个是分配问题;第二个是工业阶段分配差距变化趋势;第三个是开放经济下中国分配差距的变化;第四个是中国分配差距变化对消费和经济增长产生的影响。
510 1  @aInequality of China's distribution under an open economy and it's influence on growth@zeng
606 0  @a中国经济@x国民收入分配@x研究
606 0  @a国民收入分配@x经济影响@x中国经济@x经济增长
690    @aF124.7@v4
701  0 @a钱敏泽@Aqian min ze@4著
801  0 @aCN@b110120@c20070807
905    @dF124.7@e110@f2
    
    开放经济下中国分配差距变化及对经济增长影响/钱敏泽著.-北京:经济科学出版社,2006
    217页;21cm
    
    
    ISBN 7-5058-5476-3:CNY16.00
    本书涉及四个方面:第一个是分配问题;第二个是工业阶段分配差距变化趋势;第三个是开放经济下中国分配差距的变化;第四个是中国分配差距变化对消费和经济增长产生的影响。
●
相关链接 在E读中查询图书 在五车中查询图书 在当当中查询图书 在豆瓣中查询图书


正题名:开放经济下中国分配差距变化及对经济增长影响     索取号:F124.7/110         预约/预借

序号 登录号 条形码 馆藏地/架位号 状态 备注
1 0853176   208531766   第一样本阅览室/ [索取号:F124.7/110] 在馆    
2 0853177   208531775   第一借阅区/ [索取号:F124.7/110] 在馆    
唐山师范学院图书馆 欢迎您!
大连网信软件有限公司© 版权所有